Atti della giornata di studio in onore di Alejandro Guzmán Brito: laudatio - lectio magistralis - tavola rotonda
Guardat en:
| Autors principals: | , |
|---|---|
| Altres autors: | |
| Format: | Llibre |
| Idioma: | italià espanyol |
| Publicat: |
Milán
CEDAM
2013
|
| Col·lecció: | Dipartimento di Scienze Giuridiche. Università di Trento, 106
|
| Matèries: | |
| Etiquetes: |
Afegir etiqueta
Sense etiquetes, Sigues el primer a etiquetar aquest registre!
|
MARC
| LEADER | 00000cam a2200000 a 4500 | ||
|---|---|---|---|
| 001 | UCF8104 | ||
| 003 | CL-VaPUC | ||
| 005 | 20220110135721.0 | ||
| 008 | 130725e20130000it 1 ita d | ||
| 020 | |a 9788813329273 | ||
| 041 | 0 | 7 | |a ita |2 CL-VaPUC |
| 041 | 0 | 7 | |a spa |2 CL-VaPUC |
| 082 | 0 | 4 | |a 340.54 |b CAR |2 21 |
| 100 | |a Carvajal, Patricio Ignacio |e author |9 557415 | ||
| 700 | |a Miglietta, Massimo |e autor |9 622105 | ||
| 700 | 1 | |a Santucci, Gianni |e author |9 622006 | |
| 245 | 1 | 0 | |a Atti della giornata di studio in onore di Alejandro Guzmán Brito: laudatio - lectio magistralis - tavola rotonda |
| 260 | |a Milán |b CEDAM |c 2013 | ||
| 300 | |a 180 p | ||
| 490 | 0 | |a Dipartimento di Scienze Giuridiche. Università di Trento, 106 | |
| 583 | |a last modification |c 20190909 10:55:30 |k Rodrigo Vera | ||
| 650 | 0 | 0 | |a Derecho romano |9 255930 |
| 650 | 0 | 0 | |a Historia del derecho |9 255109 |
| 942 | |c BK | ||
| 945 | |a dcastane |d 20130725 00:00:00 | ||
| 546 | |a En Italiano | ||
| 546 | |a En Español | ||
| 536 | |a Dipartimento di Scienze Giuridiche. Università di Trento | ||
| 518 | |p Giornata di studio in onore di Alejandro Guzmán Brito, 1, Trento, 14 marzo 2011 | ||
| 999 | |c 384739 |d 384737 | ||
| 952 | |0 0 |1 0 |4 0 |6 340_540000000000000_CAR_2013 |7 0 |8 DER_ROM |9 507670 |a BIBDER |b BIBDER |d 2020-01-23 |i 499115K |l 1 |o 340.54 CAR 2013 |p 499115K |r 2023-01-25 |s 2020-03-19 |w 2020-01-23 |x Ubicación 4to piso |y BK |z Este recurso debe solicitarse con anticipación |k DER | ||